[Event "Reunion op 19th"]
[Site "St Denis"]
[Date "2017.10.16"]
[Round "1"]
[White "Andriandaza, Tombo Omar"]
[Black "Hauet, Noah"]
[Result "1-0"]
[WhiteElo "1711"]
[BlackElo "1199"]
[PlyCount "69"]
[EventDate "2017.10.16"]
[EventType "swiss"]
[EventRounds "7"]
[EventCountry "RUF"]
[SourceTitle "CBM 181 Extra"]
[Source "ChessBase"]
[SourceDate "2017.12.12"]
[SourceVersion "1"]
[SourceVersionDate "2017.12.12"]
[SourceQuality "1"]

1. e4 g6 2. Nf3 Bg7 3. Bc4 Nf6 4. Nc3 0-0 5. 0-0 e6 6. d4 a6 7. Bg5 Qe8 8. e5 Ng4 9. h3 Nh6 10. Ne4 d5 11. exd6 cxd6 12. Bxh6 Bxh6 13. Nf6+ Kh8 14. Nxe8 Rxe8 15. c3 d5 16. Bb3 a5 17. Ne5 f6 18. Ng4 Bg7 19. Re1 a4 20. Bxd5 Bd7 21. Bxb7 Ra7 22. Bf3 f5 23. Ne5 Ra5 24. Nxd7 Nxd7 25. Bc6 Rd8 26. Bxd7 Rxd7 27. Rxe6 Rd8 28. Qe2 h5 29. Rxg6 Ra7 30. Qxh5+ Kg8 31. Re1 Kf8 32. Qxf5+ Kg8 33. h4 Rf7 34. Qg5 Kf8 35. Qxd8# 1-0

[Event "Reunion op 18th"]
[Site "St Denis"]
[Date "2016.10.13"]
[Round "5"]
[White "Andriandaza, Tombo Omar"]
[Black "Play, Gilles"]
[Result "1/2-1/2"]
[WhiteElo "1699"]
[BlackElo "1514"]
[PlyCount "83"]
[EventDate "2016.10.10"]
[EventType "swiss"]
[EventRounds "7"]
[EventCountry "RUF"]
[SourceTitle "CBM 175 Extra"]
[Source "ChessBase"]
[SourceDate "2016.12.12"]
[SourceVersion "1"]
[SourceVersionDate "2016.12.12"]
[SourceQuality "1"]

1. e4 e5 2. Nf3 Nc6 3. Bc4 Nf6 4. 0-0 Nxe4 5. Qe2 d5 6. d3 dxc4 7. Qxe4 Bd6 8. d4 f5 9. Qd5 e4 10. Ne5 Bxe5 11. Qxd8+ Nxd8 12. dxe5 Nf7 13. Nc3 c6 14. f4 Be6 15. Be3 0-0 16. Rfd1 b6 17. Ne2 c5 18. Nc3 Rfd8 19. Nb5 Rd7 20. Kf2 Rad8 21. Ke1 a6 22. Rxd7 Rxd7 23. Nc3 Nd8 24. Na4 Nc6 25. c3 Rd3 26. Ke2 Ne7 27. Nxb6 Nd5 28. Nxd5 Bxd5 29. g3 Kf7 30. Rg1 h5 31. h3 Be6 32. h4 Ke8 33. Bxc5 Kd7 34. Rd1 Kc6 35. Bf8 g6 36. Rxd3 cxd3+ 37. Kd2 Bxa2 38. b4 Kb5 39. Bd6 Be6 40. Bb8 Kc4 41. Ba7 Bd5 42. Be3 1/2-1/2

[Event "Reunion op 17th"]
[Site "St Denis"]
[Date "2015.10.10"]
[Round "7"]
[White "Andriandaza, Tombo Omar"]
[Black "Desor, Helmut"]
[Result "1/2-1/2"]
[WhiteElo "1721"]
[BlackElo "1767"]
[PlyCount "80"]
[EventDate "2015.10.10"]
[EventType "swiss"]
[EventRounds "9"]
[EventCountry "RUF"]
[SourceTitle "CBM 168 Extra"]
[Source "ChessBase"]
[SourceDate "2015.10.29"]
[SourceVersion "1"]
[SourceVersionDate "2015.10.29"]
[SourceQuality "1"]

1. d4 Nf6 2. Nf3 e6 3. Bg5 Be7 4. Nbd2 d5 5. e3 Nbd7 6. Bd3 c5 7. c3 0-0 8. 0-0 a6 9. Re1 b5 10. e4 dxe4 11. Nxe4 Bb7 12. Ng3 cxd4 13. cxd4 Re8 14. Qe2 Nd5 15. Bxe7 Qxe7 16. Qe4 N7f6 17. Qh4 Nb4 18. Bb1 Bxf3 19. gxf3 g6 20. Qh6 Qf8 21. Qg5 Qg7 22. a3 Nbd5 23. Bd3 Rac8 24. Rac1 h6 25. Qd2 Qf8 26. Rxc8 Rxc8 27. Rc1 Rxc1+ 28. Qxc1 Kh7 29. Qc6 Nf4 30. Bf1 Qd8 31. Qxa6 Qxd4 32. Ne2 Nxe2+ 33. Bxe2 Qxb2 34. Bxb5 Qc1+ 35. Kg2 Qg5+ 36. Kh1 Qc1+ 37. Bf1 Qd2 38. Qe2 Qa5 39. Qb2 Nd5 40. Kg1 Nb6 1/2-1/2

[Event "Reunion op 14th"]
[Site "St Denis"]
[Date "2012.10.08"]
[Round "4"]
[White "Andriandaza, Tombo Omar"]
[Black "Caron, Jean Marie"]
[Result "1-0"]
[WhiteElo "1567"]
[BlackElo "1872"]
[PlyCount "47"]
[EventDate "2012.10.06"]
[EventType "swiss"]
[EventRounds "9"]
[EventCountry "RUF"]
[SourceTitle "EXT 2013"]
[Source "ChessBase"]
[SourceDate "2012.11.22"]
[SourceVersion "1"]
[SourceVersionDate "2012.11.22"]
[SourceQuality "1"]

1. e4 e6 2. d4 d5 3. Bd3 Nf6 4. f3 dxe4 5. fxe4 Nxe4 6. Nf3 Nf6 7. 0-0 Be7 8. c3 Nbd7 9. Ng5 Nf8 10. Qf3 Qd5 11. Be4 Nxe4 12. Qxf7+ Kd8 13. Qxg7 Nxg5 14. Bxg5 Qxg5 15. Qxh8 Kd7 16. Na3 Ng6 17. Qxh7 b6 18. Rae1 Bb7 19. Qh3 Nf4 20. Rxf4 Re8 21. Qxe6+ Kd8 22. Qg4 Qd5 23. c4 Qa5 24. Qg3 1-0